<?xml version="1.0" encoding="UTF-8"?>
<record
    xmlns:xsi="http://www.w3.org/2001/XMLSchema-instance"
    xsi:schemaLocation="http://www.loc.gov/MARC21/slim http://www.loc.gov/standards/marcxml/schema/MARC21slim.xsd"
    xmlns="http://www.loc.gov/MARC21/slim">

  <leader>03674nam a2200385 a 4500</leader>
  <controlfield tag="001">ebr10752400</controlfield>
  <controlfield tag="003">CaPaEBR</controlfield>
  <controlfield tag="006">m     o  u        </controlfield>
  <controlfield tag="007">cr cn|||||||||</controlfield>
  <controlfield tag="008">111117s2012    ja ad   sb   i001 0 eng d</controlfield>
  <datafield tag="010" ind1=" " ind2=" ">
    <subfield code="z">  2011047937</subfield>
  </datafield>
  <datafield tag="020" ind1=" " ind2=" ">
    <subfield code="z">9789280812091</subfield>
  </datafield>
  <datafield tag="020" ind1=" " ind2=" ">
    <subfield code="z">9789280871784 (e-book)</subfield>
  </datafield>
  <datafield tag="040" ind1=" " ind2=" ">
    <subfield code="a">CaPaEBR</subfield>
    <subfield code="c">CaPaEBR</subfield>
  </datafield>
  <datafield tag="035" ind1=" " ind2=" ">
    <subfield code="a">(OCoLC)801409256</subfield>
  </datafield>
  <datafield tag="043" ind1=" " ind2=" ">
    <subfield code="a">fb-----</subfield>
  </datafield>
  <datafield tag="050" ind1="1" ind2="4">
    <subfield code="a">RA643.86.A357</subfield>
    <subfield code="b">H543 2012eb</subfield>
  </datafield>
  <datafield tag="082" ind1="0" ind2="4">
    <subfield code="a">362.196979200967</subfield>
    <subfield code="2">23</subfield>
  </datafield>
  <datafield tag="245" ind1="0" ind2="0">
    <subfield code="a">HIV/AIDS and the security sector in Africa</subfield>
    <subfield code="h">[electronic resource] /</subfield>
    <subfield code="c">edited by Obijiofor Aginam and Martin R. Rupiya.</subfield>
  </datafield>
  <datafield tag="260" ind1=" " ind2=" ">
    <subfield code="a">Tokyo ;</subfield>
    <subfield code="a">New York :</subfield>
    <subfield code="b">United Nations University Press,</subfield>
    <subfield code="c">c2012.</subfield>
  </datafield>
  <datafield tag="300" ind1=" " ind2=" ">
    <subfield code="a">xiv, 281 p. :</subfield>
    <subfield code="b">ill.</subfield>
  </datafield>
  <datafield tag="504" ind1=" " ind2=" ">
    <subfield code="a">Includes bibliographical references and index.</subfield>
  </datafield>
  <datafield tag="505" ind1="0" ind2="0">
    <subfield code="t">Understanding the dynamics of HIV/AIDS and the security sector in Africa: an overview /</subfield>
    <subfield code="r">Obijiofor Aginam, Martin R. Rupiya, Johanna Stratton and Andrea Ottina --</subfield>
    <subfield code="g">HIV/AIDS and the military: national and sub-regional perspectives --</subfield>
    <subfield code="t">HIV/AIDS and the South African National Defence Force: anecdotal evidence from outside and within /</subfield>
    <subfield code="r">Lindy Heinecken --</subfield>
    <subfield code="t">Policy, security and outcomes: HIV/AIDS and the Uganda People's Defence Forces /</subfield>
    <subfield code="r">Charles Bakahumura --</subfield>
    <subfield code="t">The ECOWAS regional framework on HIV/AIDS and the military in West Africa /</subfield>
    <subfield code="r">Ayodele Akenroye --</subfield>
    <subfield code="t">HIV and the military: a human rights impact assessment of Nigeria's armed forces HIV/AIDS control policy guidelines /</subfield>
    <subfield code="r">Babafemi Odunsi --</subfield>
    <subfield code="t">Challenges to the regeneration of the armed forces: HIV/AIDS and its impact on the military life-cycle /</subfield>
    <subfield code="r">Gerald Gwinji --</subfield>
    <subfield code="t">A civil society perspective on the Umbutfo Swaziland Defence Force policy responses to HIV/AIDS /</subfield>
    <subfield code="r">Nathi Gumede --</subfield>
    <subfield code="g">HIV/AIDS and peacekeeping in Africa --</subfield>
    <subfield code="t">Culture and HIV/AIDS in African peacekeeping operations /</subfield>
    <subfield code="r">Gwinyayi Albert Dzinesa --</subfield>
    <subfield code="t">The African Union and the HIV/AIDS crisis: harnessing alternative policy options /</subfield>
    <subfield code="r">Olajide O. Akanji --</subfield>
    <subfield code="t">The Zambia Defence Force: considerations on peacekeeping and HIV/AIDS /</subfield>
    <subfield code="r">Lawson F. Simapuka --</subfield>
    <subfield code="t">A disorderly resolution of an organized conflict: the military dimension and the spread of HIV/AIDS in Sierra Leone /</subfield>
    <subfield code="r">Olubowale Josiah Opeyemi --</subfield>
    <subfield code="g">HIV/AIDS: perspectives on the police and prisons --</subfield>
    <subfield code="t">Policing against stigma and discrimination: HIV/AIDS in the Zambia Police Service /</subfield>
    <subfield code="r">Charles M. Banda --</subfield>
    <subfield code="t">HIV/AIDS in Cameroon: the policy response of the police /</subfield>
    <subfield code="r">Polycarp Ngufor Forkum --</subfield>
    <subfield code="t">Policy challenges on HIV/AIDS and prisons: towards a Southern African template /</subfield>
    <subfield code="r">Martin R. Rupiya --</subfield>
    <subfield code="t">HIV/AIDS among Cameroonian prison staff: response to a deadly challenge /</subfield>
    <subfield code="r">Tayou Andr&#xFFFD;e Lucien --</subfield>
    <subfield code="g">HIV/AIDS: gender and other emerging issues --</subfield>
    <subfield code="t">HIV/AIDS and women in the Zimbabwe Defence Forces: a gender perspective /</subfield>
    <subfield code="r">Getrude P.S. Mutasa --</subfield>
    <subfield code="t">Rape and HIV/AIDS as weapons of war: human rights and health issues in post-conflict societies /</subfield>
    <subfield code="r">Obijiofor Aginam.</subfield>
  </datafield>
  <datafield tag="533" ind1=" " ind2=" ">
    <subfield code="a">Electronic reproduction.</subfield>
    <subfield code="b">Palo Alto, Calif. :</subfield>
    <subfield code="c">ebrary,</subfield>
    <subfield code="d">2013.</subfield>
    <subfield code="n">Available via World Wide Web.</subfield>
    <subfield code="n">Access may be limited to ebrary affiliated libraries.</subfield>
  </datafield>
  <datafield tag="650" ind1=" " ind2="0">
    <subfield code="a">HIV infections</subfield>
    <subfield code="z">Africa, Sub-Saharan.</subfield>
  </datafield>
  <datafield tag="650" ind1=" " ind2="0">
    <subfield code="a">Security sector</subfield>
    <subfield code="z">Africa, Sub-Saharan.</subfield>
  </datafield>
  <datafield tag="650" ind1=" " ind2="0">
    <subfield code="a">Soldiers</subfield>
    <subfield code="x">Health and hygiene</subfield>
    <subfield code="z">Africa, Sub-Saharan.</subfield>
  </datafield>
  <datafield tag="650" ind1=" " ind2="0">
    <subfield code="a">Police</subfield>
    <subfield code="x">Health and hygiene</subfield>
    <subfield code="z">Africa, Sub-Saharan.</subfield>
  </datafield>
  <datafield tag="651" ind1=" " ind2="0">
    <subfield code="a">Africa, Sub-Saharan</subfield>
    <subfield code="x">Armed Forces.</subfield>
  </datafield>
  <datafield tag="655" ind1=" " ind2="7">
    <subfield code="a">Electronic books.</subfield>
    <subfield code="2">local</subfield>
  </datafield>
  <datafield tag="700" ind1="1" ind2=" ">
    <subfield code="a">Aginam, Obijiofor,</subfield>
    <subfield code="d">1969-</subfield>
  </datafield>
  <datafield tag="700" ind1="1" ind2=" ">
    <subfield code="a">Rupiya, Martin Revai.</subfield>
  </datafield>
  <datafield tag="710" ind1="2" ind2=" ">
    <subfield code="a">ebrary, Inc.</subfield>
  </datafield>
  <datafield tag="856" ind1="4" ind2="0">
    <subfield code="u">http://site.ebrary.com/lib/rucke/Doc?id=10752400</subfield>
    <subfield code="z">An electronic book accessible through the World Wide Web; click to view</subfield>
  </datafield>
  <datafield tag="999" ind1=" " ind2=" ">
    <subfield code="c">216513</subfield>
    <subfield code="d">216513</subfield>
  </datafield>
</record>
